Normal view MARC view

Entry Nombre personal

Number of records used in: 9

001 - NÚMERO DE CONTROL

  • campo de control: 98480

003 - IDENTIFICADOR DE NÚMERO DE CONTROL

  • campo de control: SpMaBN

005 - FECHA Y HORA DE LA ÚLTIMA TRANSACCIÓN

  • campo de control: 20250804083406.0

008 - ELEMENTOS DE DATO DE LONGITUD-FIJA

  • campo de control de longitud fija: 910507n| aijnnaabn a aaa

016 ## - NÚMERO DE CONTROL DE UNA AGENCIA BIBLIOGRÁFICA NACIONAL

  • Número de control del registro: BNE19912675370

024 7# - IDENTIFICADOR DE OTROS ESTÁNDARES

  • Número estándar o código: http://viaf.org/viaf/16163250/
  • Fuente: viaf

024 7# - IDENTIFICADOR DE OTROS ESTÁNDARES

  • Número estándar o código: https://isni.org/isni/0000000079710507
  • Fuente: isni

024 7# - IDENTIFICADOR DE OTROS ESTÁNDARES

  • Número estándar o código: http://www.wikidata.org/entity/Q60826861
  • Fuente: wikidata

040 ## - FUENTE DE CATALOGACIÓN

  • Centro catalogador/agencia de origen: SpMaBN
  • Lengua de catalogación: spa
  • Centro/agencia transcriptor: SpMaBN
  • Normas de descripción: rdc
  • Convención/Normas de encabezamiento de materia/tesauro: embne

046 ## - FECHAS CON CODIFICACIÓN ESPECIAL

  • Fecha de nacimiento: 1913
  • Fecha de la muerte: 1989

100 1# - ENCABEZAMIENTO-NOMBRE DE PERSONA

  • Nombre de persona: Rodríguez de Yurre, Gregorio,
  • Fechas asociadas al nombre: 1913-1989

375 ## - GÉNERO/SEXO

  • Género: Masculino

377 ## - IDIOMA ASOCIADO

  • Código del idioma: spa
  • Término de lengua/lenguaje: Español

400 ## - TRAZADO DE VÉASE--NOMBRE DE PERSONA

  • Nombre de persona: Yurre, Gregorio R. de,
  • Fechas asociadas al nombre: 1913-1989

400 1# - TRAZADO DE VÉASE--NOMBRE DE PERSONA

  • Nombre de persona: Rodríguez de Yurre y Perea, Gregorio,
  • Fechas asociadas al nombre: 1913-1989

670 ## - FUENTE DE DATOS ENCONTRADOS

  • Cita de la fuente: Ética y sociedad, 1989
  • Información encontrada: port. (homenaje a Gregorio Rodríguez de Yurre)

670 ## - FUENTE DE DATOS ENCONTRADOS

  • Cita de la fuente: Aguirre Oraá, José María. El pensamiento ético y político de Gregorio Rodríguez de Yurre (1913-1989). En Scriptorium Victoriense, 2013, n. 3/4, p. 403-419

670 ## - FUENTE DE DATOS ENCONTRADOS

  • Cita de la fuente: Filosofía social, 1966
  • Información encontrada: portada (Gregorio R. de Yurre)